History Quiz

Random History or Biography Quiz

Which Mount Rushmore President? Quiz Stats

 Plays Quiz Updated Apr 17, 2017

Support Sporcle.
Go Orange.
Score 0/32 Timer 08:00
1 Play Today
Question Answer Wrong Answers
The only Mount Rushmore President to be assassinated: Abraham Lincoln
91.6%
George Washington
0.7%
Thomas Jefferson
0.6%
Theodore Roosevelt
0.5%
The only Mount Rushmore President to never live at the White House: George Washington
88.2%
Thomas Jefferson
2.1%
Theodore Roosevelt
1.5%
Abraham Lincoln
1.6%
The only Mount Rushmore President who does NOT have a state or national capital named for him: Theodore Roosevelt
87.4%
George Washington
1.1%
Thomas Jefferson
3.1%
Abraham Lincoln
1.7%
The only Mount Rushmore President to have an actor portray him in an Academy Award winning role: Abraham Lincoln
85.7%
George Washington
2.5%
Thomas Jefferson
2.1%
Theodore Roosevelt
3%
The only Mount Rushmore President to obtain the rank of General: George Washington
84.2%
Thomas Jefferson
1.6%
Theodore Roosevelt
6.5%
Abraham Lincoln
1.2%
The only Mount Rushmore President who ascended to the Presidency following his predecessor's assassination: Theodore Roosevelt
84.1%
George Washington
1%
Thomas Jefferson
6.6%
Abraham Lincoln
1.8%
The only Mount Rushmore President not currently on paper currency: Theodore Roosevelt
83.4%
George Washington
1.4%
Thomas Jefferson
5.8%
Abraham Lincoln
3%
The only Mount Rushmore President whose term in office was after South Dakota's statehood: Theodore Roosevelt
83.2%
George Washington
1.4%
Thomas Jefferson
3%
Abraham Lincoln
5.8%
The only Mount Rushmore President to serve as Secretary of State: Thomas Jefferson
81.2%
George Washington
1.7%
Theodore Roosevelt
8.5%
Abraham Lincoln
1.9%
The only Mount Rushmore President to not officially affiliate with a political party: George Washington
80.8%
Thomas Jefferson
3.7%
Theodore Roosevelt
6.8%
Abraham Lincoln
2.2%
The only Mount Rushmore President to die on July 4: Thomas Jefferson
78.1%
George Washington
7.9%
Theodore Roosevelt
3.8%
Abraham Lincoln
3.7%
The Mount Rushmore President to serve the fewest days in office (1,503): Abraham Lincoln
77.2%
George Washington
4.8%
Thomas Jefferson
3.3%
Theodore Roosevelt
8.1%
The only Mount Rushmore President to later run as a third party candidate: Theodore Roosevelt
75.6%
George Washington
2.6%
Thomas Jefferson
12.1%
Abraham Lincoln
3.1%
The tallest Mount Rushmore President: Abraham Lincoln
74.4%
George Washington
12.8%
Thomas Jefferson
4.4%
Theodore Roosevelt
1.9%
The only Mount Rushmore President to not live in the 19th century: George Washington
73.3%
Thomas Jefferson
1.2%
Theodore Roosevelt
17%
Abraham Lincoln
2%
The only Mount Rushmore President to be an ambassador: Thomas Jefferson
72.9%
George Washington
2.8%
Theodore Roosevelt
15.8%
Abraham Lincoln
1.8%
The Mount Rushmore President with the lowest net worth (adjusted for inflation): Abraham Lincoln
71.2%
George Washington
7.4%
Thomas Jefferson
6.9%
Theodore Roosevelt
7.7%
The only Mount Rushmore President to be the namesake of an NCAA Division I University: George Washington
71.1%
Thomas Jefferson
11.8%
Theodore Roosevelt
5.2%
Abraham Lincoln
5.3%
The only Mount Rushmore President to sweep the Electoral College: George Washington
70.5%
Thomas Jefferson
7.5%
Theodore Roosevelt
8%
Abraham Lincoln
7.4%
The only Mount Rushmore President to travel internationally during his Presidency: Theodore Roosevelt
70%
George Washington
2.2%
Thomas Jefferson
19.3%
Abraham Lincoln
1.8%
The only Mount Rushmore President to win the Nobel Prize: Theodore Roosevelt
68%
George Washington
1.7%
Thomas Jefferson
10.1%
Abraham Lincoln
13.6%
The youngest Mount Rushmore President at the start of his term: Theodore Roosevelt
60.6%
George Washington
4.5%
Thomas Jefferson
12.7%
Abraham Lincoln
15.7%
The only Mount Rushmore President to be born outside of the original thirteen states: Abraham Lincoln
57.4%
George Washington
21.5%
Thomas Jefferson
4%
Theodore Roosevelt
10.6%
The only Mount Rushmore President to live past 70 years: Thomas Jefferson
51.5%
George Washington
19%
Theodore Roosevelt
21.7%
Abraham Lincoln
1.1%
The only Mount Rushmore President to unseat an incumbent President: Thomas Jefferson
49.9%
George Washington
2%
Theodore Roosevelt
20.9%
Abraham Lincoln
20.5%
The Mount Rushmore President to have the longest post-Presidency: Thomas Jefferson
48.4%
George Washington
11%
Theodore Roosevelt
33.1%
Abraham Lincoln
1%
The only Mount Rushmore President to be elected to the House of Representatives: Abraham Lincoln
45.2%
George Washington
3.3%
Thomas Jefferson
21.9%
Theodore Roosevelt
22.9%
The only Mount Rushmore President to have his daughter serve as First Lady: Thomas Jefferson
42.4%
George Washington
8%
Theodore Roosevelt
38.4%
Abraham Lincoln
4.7%
The richest Mount Rushmore President (adjusted for inflation): George Washington
39.5%
Thomas Jefferson
33%
Theodore Roosevelt
19.5%
Abraham Lincoln
1.4%
The only Mount Rushmore President who had at least four former Presidents alive during his time in office: Abraham Lincoln
36%
George Washington
3.5%
Thomas Jefferson
7.9%
Theodore Roosevelt
46%
The Mount Rushmore President to serve the most days as President (2,922): Thomas Jefferson
28%
George Washington
38.9%
Theodore Roosevelt
25%
Abraham Lincoln
1.5%
The only Mount Rushmore President to have a parent alive during his Presidency: George Washington
11.7%
Thomas Jefferson
11.1%
Theodore Roosevelt
54.1%
Abraham Lincoln
16.7%

You're not logged in!

Compare scores with friends on all Sporcle quizzes.
OR
Log In
Forgot?

From the Vault

Things That Start With 'Pa'

by DeaconEcon

For being so far away from each other in the alphabet, 'P' and 'A' make a good team.
Remove Ads.
Support Sporcle.
Get the best of Sporcle when you Go Orange. This ad-free experience offers more features, more stats, and more fun while also helping to support Sporcle. Thank you for becoming a member.

Show Comments

Extras

Top Quizzes Today


Score Distribution

Your Account Isn't Verified!

In order to create a playlist on Sporcle, you need to verify the email address you used during registration. Go to your Sporcle Settings to finish the process.

Report this User

Report this user for behavior that violates our Community Guidelines.

Details: